Septimus Heap Characters Quiz Stats

 Plays Quiz not verified by Sporcle

Support Sporcle.
Go Orange.
Score 0/80 Timer 10:00
0 Plays Today
% Correct
Septimus Heap
96.8%
Jenna Heap
93.5%
Sam Heap
93.5%
Edd Heap
93.5%
Jojo Heap
93.5%
O. Beetle Beetle
90.3%
Nicko Heap
90.3%
Sarah Heap
90.3%
Simon Heap
90.3%
Erik Heap
90.3%
Marcia Overstrand
90.3%
Silas Heap
87.1%
Lucy Gringe
83.9%
Pamela Beetle
83.9%
Brian Beetle
83.9%
Alther Mella
80.6%
Benjamin Heap
77.4%
DomDaniel
77.4%
Rupert Gringe
77.4%
Augustus Gringe
74.2%
Theodora Gringe
74.2%
Zelda Zanuba Heap
71%
Theo Heap
71%
Marcellus Pye
71%
Merrin Meredith
67.7%
Queen Etheldredda
67.7%
Milo Banda
64.5%
Spit Fyre
58.1%
Snorri Snorrelson
54.8%
Marissa
54.8%
Alice Nettles
51.6%
Morwenna Mould
51.6%
Jillie Djinn
51.6%
Stanley
48.4%
Jannit Marten
48.4%
Sally Mullin
48.4%
Hugh Fox
48.4%
Boggart
41.9%
Linda
41.9%
Hotep-Ra
41.9%
% Correct
Queen Cerys
41.9%
Esmeralda
38.7%
Rose
38.7%
Ullr
38.7%
Billy Pot
35.5%
Barney Pot
35.5%
Tertius Fume
35.5%
Julius Pike
35.5%
Nurse Meredith
35.5%
Maureen
32.3%
Sandra Pot
32.3%
Dragon Boat
32.3%
Ephaniah Grebe
32.3%
Boris Catchpole
29%
Kevin
25.8%
Olaf Snorrelson
25.8%
Bert
25.8%
Dorinda
19.4%
Talmar Ray Bell
19.4%
Dawnie
19.4%
Mandy Marwick (Wolf Boy)
16.1%
Daphne
16.1%
Veronica
16.1%
Aie-aie
16.1%
Petroc Trelawney
16.1%
Fat Crowe
16.1%
Thin Crowe
16.1%
Port Witch Mother
12.9%
Queen Matilda
12.9%
Jakey Fry
12.9%
Miarr
12.9%
Florrie Bundy
9.7%
Ethel the Duck
9.7%
Endor
9.7%
Theodopilus Fortitude Fry
9.7%
The Lady
9.7%
Una Brackett
6.5%
Romilly Bagder
3.2%
Bill Fox (Foxy)
3.2%
Sirius VanKlampff
3.2%

You're not logged in!

Compare scores with friends on all Sporcle quizzes.
OR
Log In

From the Vault

Twelve Days of Christmas A-Z (Any Word)

by Flick

When in doubt, just start guessing birds.
Remove Ads.
Support Sporcle.
Get the best of Sporcle when you Go Orange. This ad-free experience offers more features, more stats, and more fun while also helping to support Sporcle. Thank you for becoming a member.

Show Comments

Extras

Created Feb 2, 2016ReportNominate
Tags:Character

Top Quizzes Today


Score Distribution

Your Account Isn't Verified!

In order to create a playlist on Sporcle, you need to verify the email address you used during registration. Go to your Sporcle Settings to finish the process.

Report this User

Report this user for behavior that violates our Community Guidelines.

Details: